A concordance to the English poems of Thomas Gray /

Bibliographic Details
Main Author: Cook, Albert S. (Albert Stanburrough), 1853-1927
Corporate Author: Concordance Society
Format: Book
Language:English
Published: Boston, New York : Houghton Mifflin company, 1908.
Subjects:

MARC

Tag First Indicator Second Indicator Subfields
LEADER 00000cam a2200000 4500
001 in00000026321
005 20151007061232.0
008 741121s1908 mau i 00010 eng
010 |a  08033143  
035 |a (OCoLC)01082508 
035 |9 AAD1515AM 
040 |a DLC  |c RIU  |d TXA  |d UtOrBLW 
049 |a TXAM  |c [464852] 
050 0 0 |a PR3504  |b .C6 
092 |a 821  |b G782Ye 
100 1 |a Cook, Albert S.  |q (Albert Stanburrough),  |d 1853-1927. 
245 1 2 |a A concordance to the English poems of Thomas Gray /  |c ed. by Albert S. Cook, president of the Concordance society. 
264 1 |a Boston,  |a New York :  |b Houghton Mifflin company,  |c 1908. 
300 |a x pages, 1 ., 160 pages ;  |c 25 cm. 
336 |a text  |b txt  |2 rdacontent 
337 |a unmediated  |b n  |2 rdamedia 
338 |a volume  |b nc  |2 rdacarrier 
500 |a "This concordance is the first to appear under the auspices of the Concordance society, which was organized at Yale university in the Christmas vacation of 1906."--Pref. 
600 1 0 |a Gray, Thomas,  |d 1716-1771  |x Concordances. 
710 2 |a Concordance Society. 
999 |a MARS 
999 f f |s 0da27ec0-3064-3f33-820d-4bd9c40d55d6  |i cdb2e93f-c89d-3a6e-ab59-030828aa2c91  |t 0 
952 f f |p ric  |a Texas A&M University  |b Rellis Campus  |c Joint Library Facility  |d Remote Storage  |t 0  |e PR3504 .C6  |h Library of Congress classification  |i unmediated -- volume  |m A14801280210 
998 f f |a PR3504 .C6  |t 0  |l Remote Storage